01275nab a22002297a 4500999001500000003000400015005001700019008004100036040000700077100002900084245016000113300001500273500003700288505027400325505014800599650002800747650002900775650003400804650003500838773015900873942001301032 c6235d6235OSt20260126042924.0190514b xxu||||| |||| 00| 0 spa d cPJ 96954aFortbetil, Eliana 10aDesvinculaciones constructivas en contextos de violencia familiar :chorizontes posibles desde una perspectiva de género e infancia /bEliana Fortbetil.  ap. 177-185 aCita: TR LALEY AR/DOC/2668/2024. aSumario: I. Introducción.— II. El conflicto familiar planteado.— III. Perspectiva de género e infancias: un cruce insoslayable.— IV. Hacia una escucha sociojurídica.— V. La sentencia como arte: oficiosidad y creatividad.— VI. Breves palabras de cierre.  tFallo comentado: JFamilia, Niñez y Adolescencia N° 1 de Goya ~ 05/04/2024 ~ P., M. E. c. Z., R. R. s/ derecho de comunicación (art. 652). 09967aDERECHO DE FAMILIA 091134aVIOLENCIA FAMILIAR 094044aPERSPECTIVA DE GÉNERO 091057aJURISPRUDENCIA APLICABLE0 0284493222dBuenos Aires : AbeledoPerrot, 1989-tDerecho de familia. Revista Interdisciplinaria de doctrina y jurisprudencia. Diciembre 2024-VI.z18511201 2udccANA